000 00567nam a2200193Ia 4500
008 120921t2006 xxu||||| |||| 00| 0 sin d
041 _asin
080 _a8-31 (Russian)
_bTIK
100 _aTikhomirov,Oleg
245 _aතණකොලපෙත්තා
246 _aThanakolapeththa
260 _aBaby Bee Publishers
_aDehiwala
_c2006
300 _b207p, ill, 18 cm
500 _aSinhalese Translation of O.Tikhomirov's of The Grasshopper
700 _aJayasekara,Chathurika
_etr.
942 _cBK
999 _c41468
_d41468
003 LK-CoDNM
040 _aLK-CoDNM
_dLK-CoDNM
_eLK-CoDNM